Statistics for Teams of the 2014 FIFA World Cup

Click here to take the quiz!

General Stats

  • This quiz has been taken 686 times
  • The average score is 27 of 32

Answer Stats

Hint Answer % Correct
CONMEBOLBrazil
98%
CONMEBOLArgentina
96%
UEFASpain
94%
UEFAGermany
91%
UEFAEngland
91%
CONCACAFUnited States of America
91%
CONCACAFMexico
90%
AFCJapan
90%
CONMEBOLChile
89%
UEFAFrance
89%
UEFAItaly
88%
UEFAPortugal
87%
CONMEBOLUruguay
87%
AFCSouth Korea
87%
CONMEBOLColombia
86%
AFCAustralia
85%
UEFAThe Netherlands
84%
CONCACAFCosta Rica
82%
CAFGhana
81%
UEFABelgium
79%
CAFIvory Coast
79%
CAFCameroon
78%
UEFARussia
77%
CAFNigeria
77%
CONMEBOLEcuador
75%
AFCIran
75%
CONCACAFHonduras
74%
CAFAlgeria
73%
UEFACroatia
72%
UEFAGreece
72%
UEFASwitzerland
72%
UEFABosnia and Hezergovina
65%

Score Distribution

Percentile by Number Answered

Percent of People with Each Score

Your Score History

You have not taken this quiz